000
00344nas a2200157 a 4500
001
68867
003
142652
005
20201118110557.0
008
||||||n9999 ||| || ||
041
_a
eng
245
0
_a
Time - Vol.154 No.9
260
_a
Estados Unidos :
_b
Time,
_c
1999.
562
_e
1
773
_0
21966
_a
Time
942
_c
SISS
999
_c
68867
_d
68867